The new industrial order : concentration, regulation and public policy

Bibliographic Details
Main Author: Reid, Samuel Richardson
Format: Book
Published: New York : Graw Hill , 1976
Subjects:

MARC

LEADER 00000cam a2200000 7i4500
001 0000002709
005 20021128.0
020 |a 0070517800 
040 |a INS 
090 0 0 |a HD2795.   |b R33 1976 
100 1 |a Reid, Samuel Richardson 
245 1 4 |a The new industrial order :   |b concentration, regulation and public policy   |c Samuel Richard Son Reid 
260 |a New York :   |b Graw Hill ,   |c 1976 
300 |a xvii, 200p ;   |c 23 cm. 
650 0 0 |a Big business   |z United States 
650 0 0 |a Consolidation 
650 0 0 |a Industrial concentrationn 
650 0 0 |a Trust, Industrial   |z United States 
999 |a 0000000829   |b BOOK   |c Open Shelf   |e Default branch